| 000 | 00850nam a22002417a 4500 | ||
|---|---|---|---|
| 001 | 3607 | ||
| 003 | FISKH | ||
| 005 | 20240325140722.0 | ||
| 008 | 240325b cb ||||| |||| 00| 0 eng d | ||
| 040 |
_aFISK _beng _cFISK _dFISK |
||
| 050 | _aPZ7.W6461 | ||
| 082 | _a813.52 | ||
| 100 |
_aWilder Ingalls Laura _d1867-1957 |
||
| 245 |
_aFarmer boy / _cLaura Ingalls Wilder |
||
| 260 |
_aNew York : _bLaura Ingalls Wilder, _c1933 |
||
| 300 |
_a371 pages : _billustrations, _c20 cm |
||
| 505 | _aO | ||
| 520 | _aNine-year-old Almanzo lives with his family on a big farm in New York State at the end of the nineteenth century. He raises his own two calves, helps cut ice and shear sheep, and longs for the day he can have his own colt. | ||
| 521 | 8 |
_a820 _bLexile |
|
| 700 | _a Laura Ingalls Wilder | ||
| 942 |
_2ddc _cBK _n0 |
||
| 999 |
_c3607 _d3607 |
||